00000000cam 2200000zi 4500
0019.953417
003CaOODSP
00520260601145759
006m     o  d f      
007cr cn ||||||||
008250721t20262026oncdab  ob   f000 0 eng d
020 |a9780660782157
040 |aCaOODSP|beng|erda|cCaOODSP
041 |aeng|bfre
043 |an-cnm--
0861 |aFs97-6/3712E-PDF
1001 |aClark, Donald Stuart, |d1961- |eauthor.
24510|aFifty years of standardized surveys : |ba history of the Maritimes Region Research Vessel Survey Program 1970-2020 and guidelines for data use / |cDonald S. Clark and Caira M. Clark.
264 1|aSt. Andrews, New Brunswick : |bScience Branch, Maritimes Region, Population Ecology Division, Fisheries and Oceans Canada, |c2026.
264 4|c©2026
300 |a1 online resource (vi, 139 pages) : |bcharts, illustrations, maps.
336 |atext|btxt|2rdacontent
337 |acomputer|bc|2rdamedia
338 |aonline resource|bcr|2rdacarrier
4901 |aCanadian technical report of fisheries and aquatic sciences, |x1488-5379 ; |v3712
504 |aIncludes bibliographical references.
520 |a"This report is an effort to formalize institutional memory and document the history, past protocols, and status of the Maritimes Region Ecosystem Surveys Program during the first fifty years of standardized surveys (1970-2020). Published and unpublished DFO documents related to the survey were consulted to provide an accurate depiction of the Maritimes Ecosystem Surveys Program’s design and methods over time. The result is a history and a guide for data users that includes the background information necessary to make best use of survey data"--Abstract, page v.
546 |aIncludes abstract in French.
650 0|aFish surveys|zMaritime Provinces.
650 0|aMarine ecosystem management|zMaritime Provinces.
650 6|aInventaires ichtyologiques|zProvinces maritimes.
650 6|aÉcosystèmes marins|xGestion|zProvinces maritimes.
7101 |aCanada. |bDepartment of Fisheries and Oceans. |bMaritimes Region. |bPopulation Ecology Division, |eissuing body.
7760#|tFifty years of standardized surveys : |w(CaOODSP)9.953418
830#0|aCanadian technical report of fisheries and aquatic sciences ;|v3712.|w(CaOODSP)9.504449
85640|qPDF|s6.53 MB|uhttps://publications.gc.ca/collections/collection_2026/mpo-dfo/fs97-6/Fs97-6-3712-eng.pdf